Answers that are Red - Statistics

General Stats
  • This quiz has been taken 27 times
  • The average score is 14 of 25
Answer Stats
Hint Answer % Correct
15) Border sea between Africa and Asia Red Sea
100%
2) Feared WW1 flying ace Red Baron
92%
24) Nickname for people with orange hair Redhead
88%
1) Bostons baseball team Red Sox
88%
4) Type of small star and most common fusing star in the Milky Way Red Dwarf
84%
3) Amsterdam district cateringto sexual favors and services Red Light
84%
16) California is known for these giant trees Redwood
84%
8) The US colonists called the invadingBritish this due to their uniforms Redcoats
76%
7) District in Moscow where St BasilsCathedral is located Red Square
76%
6) Written backwards on the door inthe Shining movie Redrum
60%
14) Former name of the Washington Commanders Redskins
60%
5) Type of star the Sun will become in5 billion years Red Giant
56%
9) Detroits hockey team Red Wings
52%
21) 80s action movie about teens fighting Communism in Colorado Red Dawn
48%
23) Social media site headquartered in San Fran Reddit
44%
12) Baton Rouge, LA means this in French Red Stick
44%
10) Texas Tech team name Red Raiders
36%
20) City in Iowa and Northern CA Redding
32%
25) 2010 video game about an outlaw on the AmericanFrontier in 1911 Red Dead Redemption
28%
17) Scenic city in central Alberta Red Deer
28%
13) Ulaanbaatar translates to this, in honor of theSoviet system Red Hero
28%
22) Famous rocky amphitheater and park in the mountains of Colorado Red Rocks
28%
18) St Johns University team is named this Red Storm
28%
19) Moulin Rouge in Paris translates to this Red Windmill
24%
11) Name for the Tuskegee airmen of WW2consisting of the first African American fighter group Red Tails
12%
No matching quizzes found
Score Distribution
Percent of People with Each Score
Percentile by Number Answered
Your Score History
You have not taken this quiz